Leaders of the Cold War - Statistics

General Stats
  • This quiz has been taken 58 times
  • The average score is 11 of 16
Answer Stats
Picture Answer % Correct
John F. Kennedy
100%
Joseph Stalin
100%
Winston Churchill
98%
Dwight D. Eisenhower
91%
Mao Zedong
91%
Margaret Thatcher
91%
Mikhail Gorbachev
91%
Charles de Gaulle
80%
Leonid Brezhnev
80%
Hirohito
75%
Indra Gandhi
51%
Augusto Pinochet
35%
Suharto
31%
Thomas Sankara
20%
Papa Doc
16%
Seretse Khama
7%
No matching quizzes found
Score Distribution
Percent of People with Each Score
Percentile by Number Answered
Your Score History
You have not taken this quiz